A tolerancia bennünk van
Elmentve itt :
| Szerző: | |
|---|---|
| Adatforrás: | Meister |
| Forrásdokumentuma: | A Hét. - 45 sz., 1990, 6 p. |
| Nyelv: | magyar |
| Kulcsszavak: | oral-history zsidók Hamburg Kolozsvár Magyar Művelődési Kör (Hamburg) |
| LEADER | 00441nab a2200169 i 4500 | ||
|---|---|---|---|
| 001 | bibPRO00004821 | ||
| 008 | 060524s1990 xx hun | ||
| 040 | |a Sz1 | ||
| 041 | |a hun | ||
| 100 | 1 | |a SZABÓ T. Ádám | |
| 245 | 1 | 2 | |a A tolerancia bennünk van |c SZABÓ T. Ádám |
| 695 | |a oral-history | ||
| 695 | |a zsidók | ||
| 695 | |a Hamburg | ||
| 695 | |a Kolozsvár | ||
| 695 | |a Magyar Művelődési Kör (Hamburg) | ||
| 773 | 0 | |t A Hét. - |g 45 sz., 1990, 6 p. | |